| 000 | 00480nam a2200205Ia 4500 | ||
|---|---|---|---|
| 003 | OSt | ||
| 005 | 20140425140657.0 | ||
| 008 | 140130s9999 xx 000 0 und d | ||
| 020 | _a0439801842 | ||
| 050 |
_aQL 638.9 _b.B4735 2006 |
||
| 100 | _aBerger, Melvin | ||
| 245 |
_cMelvin Berger. _aChomp! |
||
| 260 |
_bScholastic, _c2006. _aUSA : |
||
| 300 |
_a40 p. : _bcol. ill. ; _c23 cm. |
||
| 440 | _v1 | ||
| 521 | _aG2 | ||
| 526 | _c420 | ||
| 942 |
_cBK _2lcc |
||
| 999 |
_c40287 _d40287 |
||